| 000 | 01364cam a22003255i 4500 | ||
|---|---|---|---|
| 999 |
_c21575 _d21547 |
||
| 001 | 18155814 | ||
| 003 | EG-ScBUE | ||
| 005 | 20201128023714.0 | ||
| 008 | 140519t20152015njua f b 001 0 eng d | ||
| 020 | _a9781118808931 (paperback : alk. paper) | ||
| 040 |
_aDLC _beng _erda _cDLC _dDLC _dEG-ScBUE _dEG-ScBUE |
||
| 082 | 0 | 4 |
_a658.15 _bDAM _222 |
| 100 | 1 |
_aDamodaran, Aswath, _eauthor. _913755 |
|
| 245 | 1 | 0 |
_aApplied corporate finance / _cAswath Damodaran, Stern School of Business, New York University. |
| 250 | _aFourth edition. | ||
| 264 | 1 |
_aHoboken, NJ : _bJohn Wiley & Sons, _c[2015] |
|
| 264 | 4 | _cc2015 | |
| 300 |
_a1 volume (various pagings) : _billustrations ; _c26 cm |
||
| 336 |
_atext _btxt _2rdacontent |
||
| 337 |
_aunmediated _bn _2rdamedia |
||
| 338 |
_avolume _bnc _2rdacarrier |
||
| 504 | _aIncludes bibliographical references and index. | ||
| 520 | _a"Provides finance professionals with practical and succinct advice on how to do corporate finance rather than debate theory, assumptions, or models. Includes applications of corporate finance to real companies. Suitable for MBA program courses on corporate finance and equity valuation"-- | ||
| 650 | 7 |
_aCorporations _xFinance. _2BUEsh _92321 |
|
| 651 | _2BUEsh | ||
| 653 |
_bBUSADM _cApril2016 |
||
| 653 |
_bBUSADM _cOctober2016 _cJuly2020 |
||
| 655 |
_vText book _933728 |
||
| 942 |
_2ddc _cBB |
||